Business Environment and Strategy Policies/ (Record no. 201083)

MARC details
000 -LEADER
fixed length control field 00545nam a22001697a 4500
010 ## - LCCN (DPL NO)
LC control number ENG-139466
020 ## - INTERNATIONAL STANDARD BOOK NUMBER
International Standard Book Number 9789387102965
Terms of availability 135.00
035 ## - SYSTEM CONTROL NUMBER
System control number EN-122998
037 ## - SOURCE OF ACQUISITION
Source of stock number/acquisition DBAD/PUB
082 ## - DEWEY DECIMAL CLASSIFICATION NUMBER
Classification number 658.01
100 ## - MAIN ENTRY--PERSONAL NAME
Personal name Gayathri,S.B
245 ## - TITLE STATEMENT
Title Business Environment and Strategy Policies/
Statement of responsibility, etc by S.B. Gayathri
260 ## - PUBLICATION, DISTRIBUTION, ETC. (IMPRINT)
Place of publication, distribution, etc Tamil Nadu
Name of publisher, distributor, etc Shanlax Publications
Date of publication, distribution, etc 2018
270 ## - ADDRESS
Address 61,66 T.P.K. Main Road Vasantha Nagar Madurai,
City Tamil Nadu
Postal code 625003
300 ## - PHYSICAL DESCRIPTION
Extent 56p.:
Other physical details ill.
Dimensions 22cm(Pbk)
942 ## - ADDED ENTRY ELEMENTS (KOHA)
Source of classification or shelving scheme Dewey Decimal Classification
Item type English Books
Classification part 658.01
Call number suffix GAY
Holdings
Withdrawn status Lost status Not for loan Collection code Home library Current library Date acquired Source of acquisition Cost, normal purchase price Full call number Barcode Copy number Cost, replacement price Koha item type
      Non-fiction Peshwa Road Peshwa Road 28/02/2024 DBAD/PUB 135.00 658.01 GAY EN-122998 1 135.00 English Books

© Delhi Public Library
Hit Counter
free hit counter